000 00272nam a2200109Ia 4500
008 200302s9999 xx 000 0 und d
100 _aAuthor
245 _aThe Complete Guide To Garages
260 _bCreative Publishing International Inc
260 _c2009
300 _a238 P
999 _c4901
_d4901